[Event "It (open)"]
[Site "masterchessopen.com Geneva (Switzerland)"]
[Date "2008.01.19"]
[Round "1"]
[White "Benkovic Petar (SRB)"]
[Black "Rychener Henri (SUI)"]
[Result "1-0"]
[WhiteElo "2455"]
[BlackElo "2075"]

1.d4 c6 2.c4 d5 3.Nf3 Nf6 4.Nbd2 e6 5.Qc2 Be7 6.g3 O-O 7.Bg2 Nbd7 8.O-O c5
9.cxd5 exd5 10.b3 b6 11.Bb2 Bb7 12.Rac1 Rc8 13.Qb1 Re8 14.Rfd1 Bf8 15.e3 cxd4
16.Nxd4 Rxc1 17.Rxc1 Nc5 18.N2f3 Nfe4 19.Ba1 Qd7 20.Rd1 g6 21.Ne2 f6 22.Nf4
Rd8 23.Bh3 Qe7 24.b4 Na4 25.Qc2 Qxb4 26.Rd4 {#r} 1-0

[Event "Memorial Jose Marca (open)"]
[Site "masterchessopen.com Lima (Peru)"]
[Date "2008.01.20"]
[Round "6"]
[White "Condori Edwin (PER)"]
[Black "Morales Luis (COL)"]
[Result "1-0"]
[WhiteElo "2177"]
[BlackElo "2040"]

1.d4 Nf6 2.c4 e6 3.g3 d5 4.Nf3 Be7 5.Bg2 O-O 6.Qc2 c6 7.O-O Nbd7 8.Nbd2 b6
9.e4 dxe4 10.Nxe4 Nxe4 11.Qxe4 Bb7 12.Rd1 Re8 13.Bf4 Nf6 14.Qc2 Qc8 15.c5 Nd5
16.Ng5 Bxg5 17.Bxg5 e5 18.dxe5 Rxe5 19.Bd2 bxc5 20.Qxc5 Qe6 21.Re1 Rxe1+
22.Rxe1 Qf6 23.Qxa7 h5 24.Qxb7 Rxa2 25.Bc1 Ra1 26.Bxd5 cxd5 27.Qxd5 g6 28.h4
Kg7 29.Bh6+ {#r} 1-0

[Event "It (open)"]
[Site "masterchessopen.com Calvi (France)"]
[Date "2008.04.12"]
[Round "9"]
[White "Al Sayed Mohamad N (QAT)"]
[Black "Autran Yann (FRA)"]
[Result "1-0"]
[WhiteElo "2477"]
[BlackElo "1943"]

1.d4 d5 2.c4 e6 3.Nf3 Nf6 4.g3 c6 5.Bg2 Be7 6.O-O O-O 7.Qc2 Nbd7 8.Nbd2 Re8
9.e4 dxe4 10.Nxe4 Nxe4 11.Qxe4 Bf6 12.Ne5 Qc7 13.Bf4 Nxe5 14.Bxe5 Bxe5 15.dxe5
c5 16.Rfd1 Rb8 17.Rd6 Bd7 18.Rad1 Re7 19.Qd3 Be8 20.Be4 g6 21.h4 b5 22.h5 bxc4
23.Qf3 f5 24.exf6 {#r} 1-0

[Event "Ch Region (open)"]
[Site "masterchessopen.com Saratov (Russia)"]
[Date "2008.06.04"]
[Round "6"]
[White "Efimov Ivan (RUS)"]
[Black "Likhoman Mikhail (RUS)"]
[Result "0-1"]
[WhiteElo "2255"]
[BlackElo "2232"]

1.Nf3 Nf6 2.g3 d5 3.Bg2 Nbd7 4.d4 e6 5.O-O Be7 6.c4 O-O 7.Qc2 c6 8.Nbd2 b6
9.b3 Bb7 10.Bb2 Rc8 11.e4 c5 12.e5 Ne8 13.dxc5 Bxc5 14.Rad1 b5 15.Qb1 bxc4
16.bxc4 dxc4 17.Ng5 Qxg5 18.Bxb7 Rb8 19.Ne4 Qe7 20.Rxd7 Bxf2+ 21.Kxf2 Qxd7
22.Nc5 Qd2+ 23.Kf3 f6 24.Kg4 Qxh2 25.Rf4 g5 26.Rxf6 Nxf6+ 27.exf6 Qf2 28.Ba3
Rxf6 29.Qe4 Rd8 30.Qe5 Rd4+ 31.Ne4 Qf3+ 32.Kxg5 Rxe4 {#R} 0-1

[Event "Cup V.Dvorkovich (juniors) (team)"]
[Site "masterchessopen.com Moscow (Russia)"]
[Round "6"]
[White "Khachykian Shant (BLR)"]
[Black "Liu Qingnan (CHN)"]
[Result "0-1"]
[WhiteElo "2173"]
[BlackElo "2451"]

1.c4 Nf6 2.g3 e6 3.Bg2 d5 4.d4 Be7 5.Nf3 O-O 6.O-O Nbd7 7.Qc2 c6 8.Nbd2 b6
9.e4 dxe4 10.Nxe4 Bb7 11.Nxf6+ Nxf6 12.Rd1 Qc8 13.c5 Nd5 14.Ne5 bxc5 15.dxc5
Qc7 16.Bf4 g5 17.Bxd5 cxd5 18.Ng6 gxf4 19.Nxf8 Rxf8 20.b4 Qc6 21.Rd3 d4 22.f3
fxg3 23.hxg3 Bg5 24.Kh2 Be3 25.Qg2 e5 26.Rb3 f5 27.Qe2 Qh6+ 28.Kg2 f4 29.Rh1
Qg6 30.g4 Qxg4+ {#R} 0-1

[Event "It (open)"]
[Site "masterchessopen.com Lipetsk (Russia)"]
[Date "2008.07.12"]
[Round "4"]
[White "Morozov Vasiliy (RUS)"]
[Black "Lomovskih Alexey (RUS)"]
[Result "1-0"]
[WhiteElo "2046"]
[BlackElo "1716"]

1.d4 d5 2.c4 c6 3.Nf3 Nf6 4.Qc2 e6 5.g3 Nbd7 6.Bg2 Be7 7.O-O O-O 8.Nbd2 b6
9.e4 Ba6 10.Re1 dxc4 11.Nxc4 Bxc4 12.Qxc4 c5 13.Bf4 Rc8 14.d5 exd5 15.exd5 Re8
16.d6 Bf8 17.Ng5 Nb8 18.Nxf7 Rxe1+ 19.Rxe1 b5 20.Nh6+ {#r} 1-0

[Event "Ch Turkey (w)"]
[Site "masterchessopen.com Konya (Turkey)"]
[Date "2008.07.15"]
[Round "5"]
[White "Sop Selen (TUR)"]
[Black "Bayrak Asli (TUR)"]
[Result "1-0"]
[WhiteElo "1915"]
[BlackElo "2005"]

1.c4 c6 2.Nf3 Nf6 3.g3 d5 4.Qc2 e6 5.Bg2 Nbd7 6.d4 Be7 7.O-O O-O 8.Nbd2 Re8
9.e4 dxe4 10.Nxe4 Nxe4 11.Qxe4 Bf6 12.Rd1 c5 13.dxc5 Qc7 14.c6 bxc6 15.Nd4 Bb7
16.Nb5 cxb5 17.Qxb7 Qxb7 18.Bxb7 Rad8 19.Be3 Ne5 20.cxb5 g6 21.Rxd8 Rxd8
22.Rc1 Kg7 23.b3 Rd7 24.Bc8 Rd5 25.a4 Nf3+ 26.Kg2 Nd4 27.Rc7 {#r} 1-0

[Event "It (open)"]
[Site "masterchessopen.com Gdansk (Poland)"]
[Date "2008.07.20"]
[Round "2"]
[White "Khamitskiy Sergei (BLR)"]
[Black "Bachan Daniel (POL)"]
[Result "1-0"]
[WhiteElo "2341"]
[BlackElo "2085"]

1.d4 d5 2.c4 e6 3.g3 c6 4.Bg2 Nf6 5.Nf3 Be7 6.O-O O-O 7.Qc2 Nbd7 8.Nbd2 b6
9.Rd1 Bb7 10.e4 Nxe4 11.Nxe4 dxe4 12.Qxe4 Qc7 13.Bf4 Bd6 14.Ne5 Rac8 15.b4
Nxe5 16.Bxe5 Rfd8 17.f4 Rd7 18.c5 Bxe5 19.dxe5 Rxd1+ 20.Rxd1 bxc5 21.bxc5 Qa5
22.Qd4 h6 23.Be4 Rf8 24.a3 Ba8 25.Qb4 Qa6 26.Kf2 g6 27.Rd6 Kg7 28.g4 Rc8 29.f5
{#r} 1-0

[Event "It (open)"]
[Site "masterchessopen.com Avoine (France)"]
[Date "2008.07.25"]
[Round "7"]
[White "Lombart Philippe (BEL)"]
[Black "Jouchet Fabien (FRA)"]
[Result "1-0"]
[WhiteElo "1993"]
[BlackElo "1799"]

1.d4 d5 2.c4 c6 3.Nf3 e6 4.g3 Nf6 5.Nbd2 Nbd7 6.Bg2 Be7 7.O-O O-O 8.Qc2 Nb6
9.b3 a5 10.Bb2 Nbd7 11.e4 dxe4 12.Ne5 c5 13.Nxe4 cxd4 14.Bxd4 Nxe5 15.Bxe5
Nxe4 16.Bxe4 f5 17.Rad1 Qe8 18.Bf3 Bd7 19.Bxb7 Ra7 20.Bf3 a4 21.Bd6 axb3
22.axb3 Bxd6 23.Rxd6 Rc7 24.Rfd1 Bc6 25.Bxc6 Rxc6 26.Qe2 Rxd6 27.Rxd6 e5 28.c5
f4 29.Qg4 Kh8 30.Rd7 g5 31.c6 Qg6 32.c7 f3 33.Qxf3 {#r} 1-0

[Event "It (open) \"]
[Site "masterchessopen.com Balatonalmadi (Hungary)"]
[Date "2008.07.30"]
[Round "1"]
[White "Hardicsay Peter (HUN)"]
[Black "Finy Mark (HUN)"]
[Result "1-0"]
[WhiteElo "2284"]
[BlackElo "1844"]

1.c4 Nf6 2.Nf3 e6 3.g3 d5 4.Bg2 c6 5.Qc2 Be7 6.O-O Nbd7 7.d4 O-O 8.Nbd2 b6
9.Rd1 Bb7 10.e4 dxc4 11.Nxc4 c5 12.Nfe5 cxd4 13.Rxd4 Qc8 14.Nxd7 Nxd7 15.Qd1
Rd8 16.Bf4 Nc5 17.Bd6 Bxd6 18.Nxd6 Qc6 19.Nxb7 Rxd4 20.Qxd4 Qxb7 21.e5 Qc8
22.Bxa8 Qxa8 23.Rd1 {#r} 1-0

[Event "Tournament (open) \"]
[Site "masterchessopen.com Kemerovo (Russia)"]
[Date "2008.08.27"]
[Round "6"]
[White "Storozhev Nikolai (RUS)"]
[Black "Rekhovsky Jury (RUS)"]
[Result "0-1"]
[WhiteElo "2031"]
[BlackElo "2087"]

1.d4 d5 2.Nf3 Nf6 3.c4 c6 4.Qc2 e6 5.Nbd2 Nbd7 6.g3 Be7 7.Bg2 O-O 8.O-O Re8
9.b3 Bd6 10.Bb2 e5 11.dxe5 Nxe5 12.Rad1 Nxf3+ 13.Nxf3 Qe7 14.cxd5 Nxd5 15.e4
Qxe4 16.Qc1 Be6 17.Ng5 Qg6 18.Ne4 Be7 19.Nc5 Bxc5 20.Qxc5 f6 21.b4 a6 22.a4
Qf7 23.Qd4 Nc7 24.Qh4 Bd5 25.Bh3 Re4 {#R} 0-1

[Event "Memorial Georgiev-Kesarovski (open)"]
[Site "masterchessopen.com Sunny Beach (Bulgaria)"]
[Date "2008.09.09"]
[Round "2"]
[White "Armstrong Malcolm (ENG)"]
[Black "Popov Petar (BUL)"]
[Result "1-0"]
[WhiteElo "2060"]
[BlackElo "2280"]

1.d4 d5 2.Nf3 e6 3.g3 Nf6 4.Bg2 Nbd7 5.c4 c6 6.O-O Be7 7.Qc2 O-O 8.Nbd2 b6
9.e4 Ba6 10.b3 Rc8 11.Bb2 c5 12.exd5 exd5 13.Rfe1 cxd4 14.Nxd4 b5 15.Qf5 g6
16.Qg5 Ne4 17.Qxd5 Nxd2 18.Nc6 Rxc6 19.Qxc6 Nc5 20.Qd5 Nd3 21.Rxe7 Qxe7
22.Qxd3 Rd8 23.Qc3 f6 24.Bd5+ Kg7 25.Qxd2 bxc4 26.Qa5 {#r} 1-0

[Event "It \"]
[Site "masterchessopen.com Elista (Russia)"]
[Date "2008.09.21"]
[Round "7"]
[White "Erendzhenov Stanislav (RUS)"]
[Black "Asarkhinov Badma (RUS)"]
[Result "1-0"]
[WhiteElo "2296"]
[BlackElo "2014"]

1.d4 d5 2.c4 c6 3.Nf3 Nf6 4.Qc2 e6 5.g3 Nbd7 6.Bg2 Be7 7.O-O O-O 8.Nbd2 Re8
9.b3 Bd6 10.e4 dxe4 11.Nxe4 Nxe4 12.Qxe4 Nf6 13.Qe2 c5 14.dxc5 Bxc5 15.Bb2 Qe7
16.Rad1 Nd7 17.Rfe1 Rb8 18.Ne5 Bd6 19.Nxd7 Bxd7 20.Qd2 Ba3 21.Bxa3 Qxa3
22.Qxd7 Qxa2 23.Qb5 a6 24.Qb6 h5 25.Rd7 a5 26.Rxb7 Rbd8 27.Bc6 Rf8 28.Rd7 Rb8
29.Bb7 h4 30.c5 h3 31.Qb5 Qc2 32.Qc4 Qf5 33.Be4 Qg4 34.Bh7+ {#r} 1-0

[Event "Ch Europe (juniors) (under 16) (g)"]
[Site "masterchessopen.com Herceg Novi (Montenegro)"]
[Date "2008.09.24"]
[Round "9"]
[White "Ponomarenko Natalia (RUS)"]
[Black "Landl Margot (AUT)"]
[Result "1-0"]
[WhiteElo "1954"]
[BlackElo "1782"]

1.d4 d5 2.c4 e6 3.Nf3 c6 4.Qc2 Nf6 5.g3 Nbd7 6.Nbd2 Be7 7.Bg2 O-O 8.O-O Bd6
9.e4 dxe4 10.Ng5 Bc7 11.Ngxe4 h6 12.b3 e5 13.Bb2 exd4 14.Bxd4 Nxe4 15.Nxe4 f5
16.Nc5 Nxc5 17.Bxc5 Rf7 18.Rad1 Rd7 19.Qe2 Qf6 20.Qe8+ Kh7 21.Rxd7 Bxd7
22.Qxa8 {#r} 1-0

[Event "Tournament (open)"]
[Site "masterchessopen.com Petrolina (Brazil)"]
[Date "2008.10.11"]
[Round "5"]
[White "De Oliveira Reis Paulo Fernando"]
[Black "Chang Suzana (BRA)"]
[Result "1-0"]
[WhiteElo "2332"]
[BlackElo "2086"]

1.g3 d5 2.Nf3 Nf6 3.Bg2 e6 4.O-O Be7 5.c4 O-O 6.d4 c6 7.Nbd2 Nbd7 8.Qc2 b5
9.c5 Qc7 10.e4 e5 11.exd5 cxd5 12.Nb3 Ne4 13.dxe5 Bxc5 14.Nxc5 Qxc5 15.Qxc5
Ndxc5 16.Rd1 f6 17.Be3 Bb7 18.Rac1 Rac8 19.exf6 gxf6 20.Nd4 Na4 21.Rb1 a6
22.Bh3 Ra8 23.Be6+ Kh8 24.Nf5 Rfe8 25.Bxd5 Bxd5 26.Rxd5 Rac8 27.Nd6 Nxd6
28.Rxd6 Rc2 29.Rxf6 Rd8 30.Rxa6 Nxb2 31.Bh6 Kg8 32.Rf6 b4 33.Re1 {#r} 1-0

[Event "Ch Sports School (open)"]
[Site "masterchessopen.com Kemerovo (Russia)"]
[Date "2008.10.24"]
[Round "6"]
[White "Koveshnikova Daria (RUS)"]
[Black "Noskov Dmitriy (RUS)"]
[Result "1-0"]
[WhiteElo "2012"]
[BlackElo "2031"]

1.d4 d5 2.Nf3 Nf6 3.c4 e6 4.g3 c6 5.Qc2 Be7 6.Bg2 O-O 7.O-O Nbd7 8.Nbd2 Qc7
9.e4 dxe4 10.Nxe4 e5 11.Rd1 exd4 12.Bf4 Qb6 13.Nxd4 Nxe4 14.Qxe4 Bf6 15.Bd6
Nc5 16.Qc2 Re8 17.Re1 Ne6 18.Nb3 Bd7 19.c5 Qb5 20.Rad1 Rad8 21.Bf1 Qa4 22.a3
Ng5 23.Bg2 Nh3+ 24.Kh1 Be6 25.Rxe6 Nxf2+ 26.Qxf2 Rxe6 27.Rd3 Bxb2 28.Bf3 Qc4
29.Qd2 Rde8 30.Na5 Qb5 31.Kg2 Re1 32.Bf4 Bc1 33.Qxe1 Rf8 34.Rb3 {#r} 1-0

[Event "It (open)"]
[Site "masterchessopen.com Obrenovac (Serbia)"]
[Date "2008.11.29"]
[Round "3"]
[White "Bogdanovski Vlatko (MKD)"]
[Black "Ilic Slobodan (SRB)"]
[Result "1-0"]
[WhiteElo "2393"]
[BlackElo "2186"]

1.Nf3 Nf6 2.g3 d5 3.Bg2 e6 4.O-O Be7 5.c4 O-O 6.d4 Nbd7 7.Qc2 c6 8.Nbd2 b6
9.e4 Bb7 10.e5 Ne8 11.cxd5 cxd5 12.Re1 Rc8 13.Qa4 a6 14.Bf1 Nb8 15.a3 a5
16.Nb1 Bc6 17.Qd1 b5 18.h4 Nc7 19.Bg5 Be8 20.Nbd2 a4 21.Bd3 h6 22.Bxe7 Qxe7
23.Bb1 Nca6 24.Qe2 g6 25.Bd3 Qb7 26.Nf1 b4 27.N1h2 Kg7 28.Ng4 b3 29.h5 Rc6
30.Kg2 Rh8 31.Qd2 Qe7 32.Rac1 Rxc1 33.Rxc1 {#r} 1-0

[Event "It (open)"]
[Site "masterchessopen.com Saratov (Russia)"]
[Date "2008.12.17"]
[Round "5"]
[White "Lamikhov Jury (RUS)"]
[Black "Poleschikov Alexey (RUS)"]
[Result "1-0"]
[WhiteElo "1831"]
[BlackElo "1992"]

1.d4 d5 2.c4 e6 3.Nf3 Nf6 4.g3 Be7 5.Bg2 O-O 6.Qc2 c6 7.O-O Nbd7 8.Nbd2 b6
9.e4 dxe4 10.Nxe4 Bb7 11.Nxf6+ Bxf6 12.Rd1 Qe7 13.Bf4 Rfc8 14.c5 Kh8 15.Bd6
Qe8 16.b4 Be7 17.Bf4 Nf6 18.Ng5 h6 19.Ne4 Nxe4 20.Bxe4 {#r} 1-0

[Event "Ch Paulista"]
[Site "masterchessopen.com Santos (Brazil)"]
[Date "2008.12.19"]
[Round "1"]
[White "Coelho Luis (BRA)"]
[Black "Garcia Liria Caetano (BRA)"]
[Result "1-0"]
[WhiteElo "2398"]
[BlackElo "1820"]

1.d4 d5 2.c4 c6 3.Nf3 Nf6 4.Qc2 e6 5.g3 Nbd7 6.Bg2 Be7 7.O-O O-O 8.Nbd2 c5
9.Rd1 b6 10.e4 cxd4 11.Nxd4 Bb7 12.exd5 exd5 13.cxd5 Nxd5 14.Nc6 Nb4 15.Nxb4
Bxg2 16.Kxg2 Bxb4 17.Nf3 Qe7 18.a3 {#r} 1-0

[Event "Czech League 2008/09 (2nd) (f)"]
[Site "masterchessopen.com Czech Republic"]
[Date "2008.12.20"]
[Round "5"]
[White "Jaworski Miroslaw (POL)"]
[Black "Macicek Jakub (CZE)"]
[Result "1-0"]
[WhiteElo "2360"]
[BlackElo "2183"]

1.d4 Nf6 2.c4 e6 3.g3 d5 4.Nf3 Be7 5.Bg2 c6 6.O-O O-O 7.Qc2 Nbd7 8.Nbd2 b6
9.e4 Bb7 10.e5 Ne8 11.cxd5 cxd5 12.Re1 Rc8 13.Qa4 a6 14.Nf1 b5 15.Qd1 Qb6
16.h4 Nc7 17.N1h2 b4 18.Ng4 Nb5 19.Bf1 Kh8 20.Be3 a5 21.Bd3 Ba6 22.Ng5 Bxg5
23.hxg5 Rg8 24.Kg2 g6 25.Nf6 Nxf6 26.gxf6 {#r} 1-0

[Event "Ch Europe (active)"]
[Site "masterchessopen.com Warsaw (Poland)"]
[Date "2008.12.20"]
[Round "4"]
[White "Akesson Ralf (SWE)"]
[Black "Zuba Maciej (POL)"]
[Result "1-0"]
[WhiteElo "2484"]
[BlackElo "1952"]

1.d4 d5 2.c4 e6 3.Nf3 Nf6 4.g3 c6 5.Bg2 Nbd7 6.Nbd2 Be7 7.O-O O-O 8.Qc2 b6
9.e4 dxe4 10.Nxe4 Bb7 11.Rd1 Qc8 12.Ne5 h6 13.Nxf6+ Nxf6 14.Bf4 c5 15.d5 exd5
16.cxd5 Rd8 17.Nc6 Bd6 18.Bxd6 Bxc6 19.dxc6 {#r} 1-0

[Event "Ch Europe (active)"]
[Site "masterchessopen.com Warsaw (Poland)"]
[Date "2008.12.21"]
[Round "13"]
[White "Staniszewski Piotr (POL)"]
[Black "Korosciel Aneta (POL)"]
[Result "1-0"]
[WhiteElo "2384"]
[BlackElo "2078"]

1.d4 Nf6 2.Nf3 e6 3.g3 d5 4.Bg2 Be7 5.O-O O-O 6.c4 c6 7.Qc2 Nbd7 8.Nbd2 b6
9.e4 dxe4 10.Nxe4 Bb7 11.Rd1 Nxe4 12.Qxe4 Nf6 13.Qe2 Qc8 14.Bf4 h6 15.Ne5 Nd7
16.Qg4 Kh8 17.Qh5 Nxe5 18.Bxe5 f6 19.Bf4 c5 20.d5 exd5 21.cxd5 Qd7 22.d6 Bd8
23.Bxb7 Qxb7 24.Rd5 Qd7 25.Re1 f5 26.Be5 Bf6 27.Bxf6 Rxf6 28.Re7 Qc6 29.Qd1
Rd8 30.d7 Rff8 31.Rd6 Qb5 32.Qh5 Qxb2 33.Rxh6+ {#r} 1-0

[Event "Memorial Tringov (open)"]
[Site "masterchessopen.com Plovdiv (Bulgaria)"]
[Date "2009.02.07"]
[Round "9"]
[White "Shishkov Minko (BUL)"]
[Black "Angelov Bojan (BUL)"]
[Result "0-1"]
[WhiteElo "2246"]
[BlackElo "1999"]

1.d4 d5 2.c4 e6 3.g3 Nf6 4.Bg2 Be7 5.Nf3 O-O 6.O-O Nbd7 7.Qc2 c6 8.Nbd2 b6
9.Rd1 Bb7 10.b3 Rc8 11.Bb2 Qc7 12.Rac1 Qb8 13.Qb1 Rfd8 14.e4 dxe4 15.Ng5 Qa8
16.Ngxe4 c5 17.Nxf6+ Nxf6 18.Bxb7 Qxb7 19.Nf1 cxd4 20.Bxd4 Qe4 21.Bxf6 Qxb1
22.Rxd8+ Bxd8 23.Rxb1 Bxf6 24.Kg2 Kf8 25.Kf3 Ke7 26.Ke2 Rc5 27.f4 Ra5 28.a4 h5
29.Nd2 g6 30.h4 Bd4 31.Ne4 Rf5 32.b4 e5 33.Kf3 exf4 34.gxf4 Be5 {#R} 0-1

[Event "Tournament \"]
[Site "masterchessopen.com St. Petersburg (Russia)"]
[Date "2009.04.08"]
[Round "8"]
[White "Bashkirov Valentin (RUS)"]
[Black "Shestiglazov Vladimir (RUS)"]
[Result "1-0"]
[WhiteElo "1973"]
[BlackElo "1829"]

1.Nf3 d5 2.c4 c6 3.g3 Nf6 4.Bg2 e6 5.O-O Nbd7 6.d4 Be7 7.Qc2 O-O 8.Nbd2 Re8
9.e4 Nxe4 10.Nxe4 dxe4 11.Qxe4 Nb6 12.b3 Bf6 13.Ne5 Qc7 14.Ng4 Be7 15.Bf4 Bd6
16.Bxd6 Qxd6 17.Qe5 Qxe5 18.dxe5 c5 19.Rad1 Rb8 20.Rd6 Bd7 21.Rfd1 Rec8 22.f4
Rc7 23.a4 Rd8 24.Nf2 Nc8 25.R6d2 Kf8 26.Ne4 b6 27.g4 Ke7 28.Nd6 a6 29.Bb7 Na7
30.Bxa6 Nc6 31.Nb5 {#r} 1-0

[Event "Ch Romania (juniors) (under 14)"]
[Site "masterchessopen.com Voineasa (Romania)"]
[Date "2009.04.09"]
[Round "2"]
[White "Cordea David"]
[Black "Henchel Alexandru-Cristian"]
[Result "1-0"]
[WhiteElo "1873"]
[BlackElo "1756"]

1.d4 Nf6 2.c4 e6 3.Nf3 d5 4.g3 Be7 5.Bg2 c6 6.Nbd2 Nbd7 7.O-O O-O 8.Qc2 Re8
9.e4 dxe4 10.Nxe4 Nxe4 11.Qxe4 Nb6 12.b3 Bf6 13.Bb2 Qc7 14.Ne5 Nd7 15.f4 Bxe5
16.fxe5 c5 17.Qf4 Nf8 18.dxc5 Qxc5+ 19.Rf2 Re7 20.Rd1 Qc7 21.Ba3 Ng6 22.Bd6
Qd8 23.Bxe7 Qxd1+ 24.Rf1 Qxf1+ 25.Qxf1 Nxe7 26.Qd3 Ng6 27.Qd8+ Nf8 28.c5 Rb8
29.c6 bxc6 30.Qc7 Rb5 31.Qxc8 {#r} 1-0

[Event "Cup Mayors (open)"]
[Site "masterchessopen.com Mumbai (India)"]
[Date "2009.05.06"]
[Round "7"]
[White "Saurabh Kherdekar (IND)"]
[Black "Satyapragyan Swayangsu (IND)"]
[Result "0-1"]
[WhiteElo "2279"]
[BlackElo "2423"]

1.Nf3 Nf6 2.c4 e6 3.g3 d5 4.Bg2 Be7 5.O-O O-O 6.d4 c6 7.Qc2 Nbd7 8.Nbd2 b6
9.b3 Ba6 10.Bb2 Rb8 11.Rac1 b5 12.cxd5 cxd5 13.Rfd1 Qb6 14.e3 b4 15.Qc7 Be2
16.Qxb6 axb6 17.Re1 Bb5 18.Ne5 Ra8 19.Nxd7 Bxd7 20.Ra1 Ra7 21.Bf1 Rfa8 22.Bd3
Rxa2 23.f3 Ne8 24.Rxa2 Rxa2 25.Bc1 Nd6 26.Bb1 Ra7 27.Bb2 Nb5 28.Kf2 Nc3 29.Rc1
Nxb1 30.Nxb1 Ra2 31.Rc2 e5 32.g4 exd4 33.exd4 h5 34.h3 {#R} 0-1

[Event "Ch Germany (juniors) (Internet) (under 18) (qual2)"]
[Site "masterchessopen.com Internet"]
[Date "2009.05.13"]
[Round "3"]
[White "Kahleys Kevin (GER)"]
[Black "Waidelich Dominik (GER)"]
[Result "1-0"]
[WhiteElo "1986"]
[BlackElo "1868"]

1.Nf3 d5 2.d4 c6 3.c4 e6 4.g3 Nf6 5.Bg2 Be7 6.O-O O-O 7.Qc2 Nbd7 8.Nbd2 Qc7
9.b3 e5 10.dxe5 Nxe5 11.Bb2 Nxf3+ 12.Nxf3 Be6 13.Ng5 Rad8 14.Bxf6 {#r} 1-0

[Event "It (open) (b)"]
[Site "masterchessopen.com Chojnice (Poland)"]
[Date "2009.07.11"]
[Round "1"]
[White "Sciwarski Mariusz (POL)"]
[Black "Panczuk Boleslaw (POL)"]
[Result "1-0"]
[WhiteElo "1877"]
[BlackElo "1556"]

1.d4 d5 2.Nf3 e6 3.c4 Nf6 4.g3 Be7 5.Bg2 O-O 6.Qc2 Nbd7 7.O-O c6 8.Nbd2 Qc7
9.a3 c5 10.cxd5 Nxd5 11.dxc5 Qxc5 12.Qxc5 Bxc5 13.b4 Be7 14.Bb2 Bf6 15.Bxf6
N7xf6 16.Ne5 Nd7 17.Ndf3 a6 18.Rac1 Kh8 19.Rxc8 Nxe5 20.Rxf8+ Rxf8 21.Nxe5
{#r} 1-0

[Event "It (open)"]
[Site "masterchessopen.com Dresden (Germany)"]
[Date "2009.07.27"]
[Round "3"]
[White "Colpe Malte (GER)"]
[Black "Bauschmann Christoph (GER)"]
[Result "1-0"]
[WhiteElo "2171"]
[BlackElo "1815"]

1.d4 Nf6 2.c4 e6 3.g3 d5 4.Nf3 Nbd7 5.Bg2 c6 6.Nbd2 Be7 7.O-O O-O 8.Qc2 b6
9.e4 dxc4 10.Nxc4 c5 11.Bg5 h6 12.Bxf6 Nxf6 13.Rfd1 cxd4 14.Nxd4 Qc7 15.e5 Nd5
16.Bxd5 exd5 17.Ne3 Qxc2 18.Ndxc2 Bc5 19.b4 Bxe3 20.Nxe3 Re8 21.Nxd5 Bg4
22.Re1 Rad8 23.Ne3 Bf3 24.Nc4 Rd5 25.Re3 Bd1 26.f4 f6 27.exf6 Rxe3 28.Nxe3
{#r} 1-0

[Event "It (open)"]
[Site "masterchessopen.com Stare Mesto (Czech Republic)"]
[Date "2009.08.14"]
[Round "1"]
[White "Tibensky Robert (SVK)"]
[Black "Kozel Jan (CZE)"]
[Result "1-0"]
[WhiteElo "2418"]
[BlackElo "1864"]

1.d4 d5 2.c4 c6 3.Nf3 Nf6 4.Qc2 e6 5.g3 Be7 6.Bg2 O-O 7.O-O Nbd7 8.Nbd2 Re8
9.Rb1 b6 10.b4 Bb7 11.Re1 Qc7 12.cxd5 exd5 13.Ng5 Rac8 14.Bh3 c5 15.bxc5 bxc5
16.dxc5 Bxc5 17.Qd1 Rcd8 18.Nb3 Bb6 19.Bf4 Qc4 20.Rc1 Qa4 21.Bc7 Rc8 22.Bxb6
axb6 23.Rxc8 Bxc8 24.Qb1 h6 25.Nf3 Nc5 26.Bxc8 Rxc8 27.Nbd4 Qa5 28.Rc1 Nfe4
29.Qb2 g6 30.Rc2 Ra8 31.Nc6 Qa4 32.Ne7+ Kh7 33.Nxd5 b5 34.Nb6 {#r} 1-0

[Event "It (open)"]
[Site "masterchessopen.com Barcelona (Spain)"]
[Date "2009.08.23"]
[Round "3"]
[White "Narciso Dublan Marc (ESP)"]
[Black "Colls Gelaberto Emili (ESP)"]
[Result "1-0"]
[WhiteElo "2553"]
[BlackElo "2215"]

1.c4 Nf6 2.g3 e6 3.Bg2 d5 4.Nf3 Be7 5.O-O O-O 6.d4 c6 7.Qc2 Nbd7 8.Nbd2 b6
9.b3 Bb7 10.Bb2 Rc8 11.Rac1 c5 12.Qb1 dxc4 13.Nxc4 Rc7 14.dxc5 Bxc5 15.Nce5
Nxe5 16.Bxe5 Rd7 17.Ng5 g6 18.Bxb7 Rxb7 19.Bxf6 Qxf6 20.Ne4 Qe5 21.Nxc5 bxc5
22.Qd3 Rb4 23.Rc2 a5 24.Rfc1 Rc8 25.Qa6 Rd8 26.Qxa5 Rbd4 27.Qxc5 Rd1+ 28.Rxd1
Rxd1+ 29.Kg2 Qxc5 30.Rxc5 Rd2 31.a4 Rxe2 32.a5 Ra2 33.b4 Kg7 34.Rc6 {#r} 1-0

[Event "It (open)"]
[Site "masterchessopen.com Anapa (Russia)"]
[Date "2009.09.06"]
[Round "7"]
[White "Zhitnikov Sergey (ISR)"]
[Black "Vorobiov Kirill (RUS)"]
[Result "1-0"]
[WhiteElo "2348"]
[BlackElo "2084"]

1.d4 d5 2.c4 e6 3.Nf3 Nf6 4.g3 Be7 5.Bg2 c6 6.O-O Nbd7 7.Qc2 O-O 8.Nbd2 b6
9.e4 dxe4 10.Nxe4 Bb7 11.Nxf6+ Bxf6 12.Bf4 Re8 13.Rad1 Nf8 14.c5 Ng6 15.Bd6
Be7 16.Bxe7 Qxe7 17.h4 Qc7 18.Rfe1 Rad8 19.b4 bxc5 20.dxc5 Rxd1 21.Rxd1 a5
22.a3 axb4 23.axb4 e5 24.Ng5 Rd8 25.Rxd8+ Qxd8 26.b5 Qd7 27.b6 h6 28.Ne4 f5
29.Nd6 Ne7 30.Qa2+ Kh7 31.Qa7 {#r} 1-0

[Event "Tournament (open)"]
[Site "masterchessopen.com Madrid (Spain)"]
[Date "2009.09.19"]
[Round "4"]
[White "Horcajada Reales Guillermo (ESP)"]
[Black "Gemy Jose Daniel (BOL)"]
[Result "0-1"]
[WhiteElo "2207"]
[BlackElo "2170"]

1.d4 Nf6 2.c4 e6 3.g3 d5 4.Bg2 c6 5.Nf3 Nbd7 6.Qc2 Be7 7.O-O O-O 8.Nbd2 Re8
9.Rd1 c5 10.b3 cxd4 11.Nxd4 Bc5 12.Nb5 a6 13.Nc3 Bxf2+ 14.Kxf2 Ng4+ 15.Ke1 Qb6
16.Nde4 Qg1+ 17.Kd2 Qe3+ 18.Ke1 Qg1+ 19.Kd2 Qxg2 20.Nd6 Rd8 21.cxd5 exd5
22.Ba3 Nde5 23.Rf1 d4 24.Nce4 Ne3 25.Qc7 Rxd6 26.Rf2 Qxe4 27.Bxd6 Bf5 28.Rf4
N5c4+ 29.Qxc4 Nxc4+ 30.bxc4 Qc2+ 31.Ke1 Qc3+ 32.Kf2 Qxa1 {#R} 0-1

[Event "Ch Spain"]
[Site "masterchessopen.com Palma de Majorca (Spain)"]
[Date "2009.09.26"]
[Round "1"]
[White "Ruiz Marana Alejandro (ESP)"]
[Black "Lewandowski Richard (ESP)"]
[Result "1-0"]
[WhiteElo "2184"]
[BlackElo "1692"]

1.d4 d5 2.Nf3 e6 3.c4 c6 4.g3 Be7 5.Bg2 Nd7 6.O-O Ngf6 7.Qc2 O-O 8.Nbd2 Re8
9.e4 dxe4 10.Nxe4 Nxe4 11.Qxe4 Nf8 12.Bd2 Bd7 13.Bc3 Bf6 14.Rad1 Qc7 15.Ne5
Rad8 16.c5 Bxe5 17.dxe5 Bc8 18.Rd6 Rxd6 19.exd6 Qd7 20.Re1 Ng6 21.h4 f5 22.Qc4
Kh8 23.h5 Nf8 24.h6 Kg8 25.Bxg7 Ng6 26.f4 Qd8 27.b4 Bd7 28.Qd4 Qc8 29.Bh8 {#r}
1-0